[Event "Bad Woerishofen op 29th"]
[Site "Bad Woerishofen"]
[Date "2013.03.06"]
[Round "6"]
[White "Haugg, Gerhard"]
[Black "Pleyer, Felix"]
[Result "0-1"]
[WhiteElo "1951"]
[BlackElo "2147"]
[PlyCount "56"]
[EventDate "2013.03.01"]
[EventType "swiss"]
[EventRounds "9"]
[EventCountry "GER"]
[SourceTitle "CBM 153 Extra"]
[Source "ChessBase"]
[SourceDate "2013.04.22"]
[SourceVersion "1"]
[SourceVersionDate "2013.04.22"]
[SourceQuality "1"]

1. d4 Nf6 2. c4 c5 3. d5 d6 4. Nc3 g6 5. e4 Bg7 6. Bd3 0-0 7. Nf3 Bg4 8. h3 Bxf3 9. Qxf3 Na6 10. Qd1 Rb8 11. 0-0 Nc7 12. Bd2 a6 13. a4 b6 14. Rb1 Nd7 15. f4 e6 16. Qc2 Rb7 17. b4 cxb4 18. Rxb4 Nc5 19. Be2 Re8 20. Bf3 exd5 21. exd5 Qf6 22. Ne2 a5 23. Rbb1 N7a6 24. Rfc1 Nb4 25. Bxb4 axb4 26. Rxb4 Rxe2 27. Qxe2 Qd4+ 28. Kh2 Qxf4+ 0-1

[Event "Bad Woerishofen op 28th"]
[Site "Bad Woerishofen"]
[Date "2012.03.08"]
[Round "7"]
[White "Grawe, Christian"]
[Black "Haugg, Gerhard"]
[Result "1-0"]
[WhiteElo "2122"]
[BlackElo "1949"]
[PlyCount "31"]
[EventDate "2012.03.02"]
[EventType "swiss"]
[EventRounds "9"]
[EventCountry "GER"]
[SourceTitle "EXT 2019"]
[Source "ChessBase"]
[SourceDate "2018.10.10"]
[SourceVersion "1"]
[SourceVersionDate "2018.10.10"]
[SourceQuality "1"]

1. e4 e6 2. d4 d5 3. e5 c5 4. c3 Nc6 5. Nf3 Bd7 6. Be2 Nge7 7. 0-0 Nf5 8. Bd3 c4 9. Bc2 Be7 10. Kh1 h5 11. h4 g6 12. Na3 a6 13. Bf4 g5 14. Bd2 g4 15. Ng1 Bg5 16. Bxg5 1-0

[Event "Bad Woerishofen op 28th"]
[Site "Bad Woerishofen"]
[Date "2012.03.06"]
[Round "5"]
[White "De Luna Butz, Alberto"]
[Black "Haugg, Gerhard"]
[Result "0-1"]
[WhiteElo "1817"]
[BlackElo "1949"]
[PlyCount "100"]
[EventDate "2012.03.02"]
[EventType "swiss"]
[EventRounds "9"]
[EventCountry "GER"]
[SourceTitle "EXT 2019"]
[Source "ChessBase"]
[SourceDate "2018.10.10"]
[SourceVersion "1"]
[SourceVersionDate "2018.10.10"]
[SourceQuality "1"]

1. d4 d5 2. Bf4 Nf6 3. e3 Bf5 4. c4 e6 5. Qb3 b6 6. Nc3 Bd6 7. Bg5 c6 8. Nf3 h6 9. Bh4 Nbd7 10. cxd5 cxd5 11. Ba6 g5 12. Bg3 Bxg3 13. hxg3 g4 14. Nh4 Be4 15. f3 Bh7 16. 0-0 gxf3 17. gxf3 Nh5 18. Kf2 Rg8 19. Ne2 Qf6 20. Ng2 Qg5 21. g4 f5 22. gxh5 Qxg2+ 23. Ke1 Kf7 24. Rc1 Qh2 25. Qb5 Nf6 26. Qc6 Rae8 27. Qc7+ Qxc7 28. Rxc7+ Re7 29. Rxe7+ Kxe7 30. Nf4 Rg5 31. Kd2 Nxh5 32. Nxh5 Rxh5 33. f4 Kf6 34. Rc1 Rh2+ 35. Be2 Bg6 36. Kd3 Be8 37. Re1 Bb5+ 38. Kd2 Kg6 39. Rg1+ Kf6 40. Re1 h5 41. Kd1 Bxe2+ 42. Rxe2 Rh1+ 43. Re1 Rh3 44. Re2 h4 45. Kd2 Kg6 46. Kc3 Kh5 47. Kb4 Kg4 48. Kb5 Kg3 49. Ka6 Rh2 50. Re1 h3 0-1

[Event "Augsburg Afro op-A 18th"]
[Site "Augsburg"]
[Date "2011.08.06"]
[Round "5"]
[White "Haugg, Gerhard"]
[Black "Weber, Daniel"]
[Result "0-1"]
[WhiteElo "1942"]
[BlackElo "1713"]
[PlyCount "64"]
[EventDate "2011.08.04"]
[EventType "swiss"]
[EventRounds "7"]
[EventCountry "GER"]
[SourceTitle "EXT 2015"]
[Source "ChessBase"]
[SourceDate "2014.11.20"]
[SourceVersion "1"]
[SourceVersionDate "2014.11.20"]
[SourceQuality "1"]

1. d4 d5 2. c4 e6 3. Nf3 Nf6 4. e3 b6 5. Be2 Bd6 6. cxd5 exd5 7. Nc3 0-0 8. 0-0 Nbd7 9. Qc2 a6 10. a3 Bb7 11. b4 Ne4 12. Bb2 f5 13. Bd3 Qe8 14. Be2 Qe7 15. Qd3 Rf6 16. g3 Rh6 17. Kg2 Re8 18. Rae1 Ndf6 19. h3 g5 20. Nh2 Qg7 21. Rh1 f4 22. g4 fxe3 23. fxe3 Qe7 24. Nxe4 Nxe4 25. Rhf1 Bxh2 26. Rf3 Qd6 27. Rh1 Bg3 28. b5 a5 29. Qc2 Bh4 30. Rc1 Re7 31. a4 Rf6 32. Rcf1 Ref7 0-1

[Event "Augsburg Afro op-A 18th"]
[Site "Augsburg"]
[Date "2011.08.04"]
[Round "1"]
[White "Haugg, Gerhard"]
[Black "Hahn, Christoph"]
[Result "0-1"]
[WhiteElo "1942"]
[BlackElo "2187"]
[PlyCount "114"]
[EventDate "2011.08.04"]
[EventType "swiss"]
[EventRounds "7"]
[EventCountry "GER"]
[SourceTitle "EXT 2015"]
[Source "ChessBase"]
[SourceDate "2014.11.20"]
[SourceVersion "1"]
[SourceVersionDate "2014.11.20"]
[SourceQuality "1"]

1. d4 Nf6 2. c4 e6 3. Nf3 Bb4+ 4. Bd2 Qe7 5. a3 Bxd2+ 6. Nbxd2 d6 7. e3 0-0 8. Be2 e5 9. dxe5 dxe5 10. 0-0 a5 11. Qc2 Na6 12. Rfd1 Bg4 13. Nf1 Nc5 14. Ne1 a4 15. Bxg4 Nxg4 16. h3 Nh6 17. Nd3 Nb3 18. Rab1 e4 19. Nb4 c6 20. Nd2 Nc5 21. Nf1 Nf5 22. Re1 Qe6 23. Nd2 Rfe8 24. Rbd1 Nh4 25. Nf1 Ng6 26. Ng3 Nb3 27. Na2 f5 28. Nc1 Nc5 29. Rd4 Ne5 30. Red1 g6 31. Nge2 g5 32. Qc3 g4 33. Nf4 Qe7 34. Qb4 gxh3 35. Nxh3 Ncd3 36. Qxe7 Rxe7 37. Nxd3 Nxd3 38. Rd2 Ne5 39. Nf4 Kf7 40. Rc2 Ra5 41. Kf1 Rc5 42. Ke2 b5 43. Kd2 bxc4 44. Rd6 Rb5 45. Kc3 Reb7 46. Kd4 Nd3 47. Rxc6 Nxb2 48. Nd5 Rb3 49. Rf6+ Kg7 50. Rxf5 Rxa3 51. Kxe4 Rab3 52. Nc3 Ra7 53. Nb5 Re7+ 54. Kd4 Rd3+ 55. Kc5 a3 56. Nxa3 Rxa3 57. Kd6 Rb7 0-1

[Event "Bad Woerishofen op 21st"]
[Site "Bad Woerishofen"]
[Date "2005.03.08"]
[Round "6"]
[White "Pohlers, Juergen"]
[Black "Haugg, Gerhard"]
[Result "1-0"]
[WhiteElo "2094"]
[BlackElo "1643"]
[PlyCount "71"]
[EventDate "2005.03.03"]
[EventType "swiss"]
[EventRounds "9"]
[EventCountry "GER"]
[SourceTitle "EXT 2022"]
[Source "ChessBase"]
[SourceDate "2021.10.06"]
[SourceVersion "1"]
[SourceVersionDate "2021.10.06"]
[SourceQuality "1"]

1. d4 e6 2. c4 c6 3. Nc3 d5 4. e4 dxe4 5. Nxe4 Nd7 6. Nf3 Ngf6 7. Nc3 Nb6 8. Be3 Bb4 9. Bd3 Qc7 10. h3 h6 11. 0-0 Bxc3 12. bxc3 g5 13. Ne5 Nbd7 14. f4 g4 15. hxg4 Qa5 16. Bd2 Ke7 17. g5 Nxe5 18. gxf6+ Kd7 19. fxe5 h5 20. Qb3 Kc7 21. Qb4 Qxb4 22. cxb4 Bd7 23. Kf2 Rag8 24. Be2 h4 25. Bf4 Rg6 26. Rh1 c5 27. bxc5 Ba4 28. d5 Kd7 29. Rab1 Kc7 30. Rb2 exd5 31. cxd5 Kc8 32. Bd3 Rg3 33. Bf5+ Bd7 34. Bxd7+ Kxd7 35. Rxb7+ Kc8 36. Rhb1 1-0